Материалы к изучению девонских отложений Мугоджарских гор: дипломная работа; с 3 таблицами; Известия Томского Технологического Института [Известия ТТИ]; Т. 24, № 4

Dades bibliogràfiques
Parent link:Известия Томского Технологического Института [Известия ТТИ]/ Томский технологический институт (ТТИ).— , 1903-1925
Т. 24, № 4.— 1911
Autor principal: Нахимсон Г. М.
Sumari:Заглавие с титульного листа
Электронная версия печатной публикации
Idioma:rus
Publicat: 1911
Matèries:
Accés en línia:Черно-белая версия для предварительного просмотра
Цветная версия без потери качества
Format: MixedMaterials Electrònic Capítol de llibre
KOHA link:https://koha.lib.tpu.ru/cgi-bin/koha/opac-detail.pl?biblionumber=174219

MARC

LEADER 00000nla2a2200000 4500
001 174219
005 20231031164625.0
035 |a (RuTPU)RU\TPU\book\188933 
035 |a RU\TPU\book\188929 
090 |a 174219 
100 |a 20100125d1911 k y0rusy50 ca 
101 0 |a rus 
102 |a RU 
135 |a drnn ---uucaa 
181 0 |a i  
182 0 |a b 
200 1 |a Материалы к изучению девонских отложений Мугоджарских гор  |b Электронный ресурс  |e дипломная работа  |e с 3 таблицами  |f Г. М. Нахимсон 
203 |a Текст  |c электронный 
215 |a 2 файла (1.8 Мб, 50.4 Мб) 
230 |a Электронные текстовые данные (2 файла : 1.8 Мб, 50.4 Мб) 
300 |a Заглавие с титульного листа 
300 |a Электронная версия печатной публикации 
337 |a Adobe Reader 
461 1 |0 (RuTPU)RU\TPU\book\165999  |t Известия Томского Технологического Института [Известия ТТИ]  |f Томский технологический институт (ТТИ)  |d 1903-1925 
463 1 |0 (RuTPU)RU\TPU\book\188924  |t Т. 24, № 4  |d 1911  |p 198 с. 
610 1 |a электронный ресурс 
610 1 |a труды учёных ТПУ 
700 1 |a Нахимсон  |b Г. М. 
801 1 |a RU  |b 63413507  |c 20090320  |g PSBO 
801 2 |a RU  |b 63413507  |c 20100927  |g PSBO 
856 4 |u http://www.lib.tpu.ru/fulltext/v/Bulletin_TPU/1911/v24/a4_bw.pdf  |z Черно-белая версия для предварительного просмотра 
856 4 |u http://www.lib.tpu.ru/fulltext/v/Bulletin_TPU/1911/v24/a4_full.pdf  |z Цветная версия без потери качества 
942 |c CF